Cities in Alabama in the Top 1000 - Statistics

General Stats
  • This quiz has been taken 19 times
  • The average score is 8 of 11
Answer Stats
Population City % Correct
196,986 Montgomery
100%
196,910 Birmingham
94%
221,933 Huntsville
94%
183,289 Mobile
94%
110,602 Tuscaloosa
83%
80,006 Auburn
61%
71,235 Dothan
56%
92,435 Hoover
56%
57,922 Decatur
50%
41,690 Florence
44%
59,785 Madison
39%
No matching quizzes found
Score Distribution
Percent of People with Each Score
Percentile by Number Answered
Your Score History
You have not taken this quiz